000 00294nam a2200133Ia 4500
100 _aBarnes/ Ralph.M
942 _cBK
654 _aMotion & Time study.
245 _aMotion & Time study.
260 _bWILEY EASTERN LIMITED
_c2001
082 _a658.3024
300 _a799
546 _aENGLISH
999 _c18061
_d18061